Supply chain and logistics management: (Record no. 5587)

MARC details
000 -LEADER
fixed length control field 00697nam a22001937a 4500
003 - CONTROL NUMBER IDENTIFIER
control field OSt
005 - DATE AND TIME OF LATEST TRANSACTION
control field 20260113090111.0
008 - FIXED-LENGTH DATA ELEMENTS--GENERAL INFORMATION
fixed length control field 251106b |||||||| |||| 00| 0 eng d
020 ## - INTERNATIONAL STANDARD BOOK NUMBER
International Standard Book Number 978-621-427-070-5
040 ## - CATALOGING SOURCE
Original cataloging agency DWCL-Main lib
Transcribing agency OC
082 ## - DEWEY DECIMAL CLASSIFICATION NUMBER
Classification number Fil. 657.7 M539s 2020
100 ## - MAIN ENTRY--PERSONAL NAME
Personal name Mendoza, Ernesto H.
245 ## - TITLE STATEMENT
Title Supply chain and logistics management:
Remainder of title enhancing competitive edge & Customer Satisfaction/
Statement of responsibility, etc. Ernesto H. Mendoza
260 ## - PUBLICATION, DISTRIBUTION, ETC.
Place of publication, distribution, etc. Manila :
Name of publisher, distributor, etc. Unlimited Service & Publishing,
Date of publication, distribution, etc. c2020.
300 ## - PHYSICAL DESCRIPTION
Extent xii , 418 pages :
Other physical details illustrations ;
Dimensions 25cm.
504 ## - BIBLIOGRAPHY, ETC. NOTE
Bibliography, etc. note Includes bibliographical references
650 ## - SUBJECT ADDED ENTRY--TOPICAL TERM
Topical term or geographic name entry element 1. Business letter logistics
942 ## - ADDED ENTRY ELEMENTS (KOHA)
Source of classification or shelving scheme Dewey Decimal Classification
Koha item type Book-Filipiniana
Call number prefix Fil.
Suppress in OPAC No
952 ## - LOCATION AND ITEM INFORMATION (KOHA)
--
952 ## - LOCATION AND ITEM INFORMATION (KOHA)
--
Holdings
Withdrawn status Lost status Source of classification or shelving scheme Damaged status Not for loan Home library Current library Shelving location Date acquired Source of acquisition Cost, normal purchase price Total Checkouts Full call number Barcode Date last seen Copy number Price effective from Koha item type Uniform Resource Identifier
    Dewey Decimal Classification     College Library College Library Filipiniana 12/09/2021 School Fund 595.00   Fil. 657.7 M539s 2020 53057 11/06/2025 c1 11/06/2025 BK - FIL
    Dewey Decimal Classification     College Library College Library Filipiniana 03/04/2021 School Fund 995.00   Fil. 657.7 M539s 2020 CL52713 01/13/2026   01/13/2026 BK - FIL